| 000 | 00674nam a22002297a 4500 | ||
|---|---|---|---|
| 005 | 20170124105951.0 | ||
| 010 | _aA-806374 | ||
| 020 |
_c75.00 _a8170140781 |
||
| 035 | _aA-806374 | ||
| 037 | _bCen Lib/Ret | ||
| 040 |
_aDPL _bEN |
||
| 082 |
_a338.7 _bGHO |
||
| 100 |
_aGhose, P. K. _913652 |
||
| 245 |
_aBusiness policy and environment / _cby P. K. Ghose [and] G. K. Kpoor |
||
| 260 |
_aNew Delhi _bSultan Chand and Sons _c1996 |
||
| 270 |
_a23,Darya Ganj _bNew Delhi _e110002 |
||
| 300 |
_a470p. _c20cm(Hb) |
||
| 650 |
_aCommerce _973784 |
||
| 650 |
_aIndustrial management _973785 |
||
| 700 |
_aKapoor,G.K. _973786 |
||
| 942 |
_2ddc _cEN _h338.7 _mGHO |
||
| 999 |
_c125301 _d125301 |
||